Mal's General Knowledge 32 - Statistics

General Stats
  • This quiz has been taken 143 times
  • The average score is 11 of 20
Answer Stats
Hint Answer % Correct
9) Cape Verde Islands are in which Ocean? Atlantic
91%
4) The word 'Renal' is relating to what body organ? Kidney
85%
13) Which European City was home to the first Pizzas? Naples
81%
18) How many degrees are there in a 'Right Angled Triangle'? 180
80%
12) What is the smallest of the Solar System Planets? Mercury
79%
10) The Periodic Symbol for Arsenic is? As
77%
7) What is the name given to the anonymous street / graffiti artist who has become world famous? Banksy
77%
20) Which South American Country has the longest Coastline? Brazil
75%
2) The capital city of Estonia is? Tallinn
69%
19) To the nearest million, what is the population of Israel? 9 million
62%
6) Which filmstar was a carpenter, fitting a door when George Lucas asked him to audition? Harrison Ford
62%
5) What is the largest landlocked country in the world? (2.7 million km2)? Kazakhstan
60%
14) What is located at 90 degrees South? The South Pole
55%
16) Which USA State is bordered by Texas, Mississippi and Arkansas? Louisiana
45%
15) Not counting Tomatoes, what is the most grown fruit in the world? Bananas
31%
8) Sus scrofa domesticus ....... is the scientific name for what animal? Pig
19%
11)The painter Botticelli's 'Birth of Venus' shows the goddess standing on what type of shell? Scallop
18%
17) What is the largest native land animal (by weight) in South America? Tapir (lowland)
8%
3) In 1903 the 3 largest Sports Stadiums in the world were all in which City? Glasgow, UK
4%
1) There are 2 nuts mentioned in the Bible, one is Almonds, what is the second? Pistachios
3%
No matching quizzes found
Score Distribution
Percent of People with Each Score
Percentile by Number Answered
Your Score History
You have not taken this quiz